[Event "New York Murphy-ACF"]
[Site "New York, NY USA"]
[Date "1994.??.??"]
[Round "8"]
[White "Waitzkin, Joshua"]
[Black "Ehlvest, Jaan"]
[Result "1/2-1/2"]
[WhiteElo "2430"]
[BlackElo "2610"]
[PlyCount "87"]
[EventDate "1994.03.??"]
[Source "www.chesslib.no"]
[SourceDate "2004.05.04"]

1. e4 Nf6 2. Nc3 d6 3. g3 c6 4. Bg2 Nbd7 5. f4 e5 6. d3 exf4 7. Bxf4 Ne5 8. Qe2 Be7 9. Nf3 Bg4 10. h3 Nxf3+ 11. Bxf3 Be6 12. d4 Qa5 13. g4 d5 14. e5 Nd7 15. O-O Nf8 16. Nd1 Ng6 17. Bg3 Bh4 18. Bxh4 Nxh4 19. Ne3 h5 20. gxh5 Nxf3+ 21. Qxf3 Qd8 22. Rf2 Qg5+ 23. Rg2 Qh4 24. Nf5 Bxf5 25. Qxf5 Rxh5 26. Qg4 Ke7 27. Rf1 Rf8 28. c3 g6 29. Qxh4+ Rxh4 30. Rg3 Rfh8 31. Kg2 Re4 32. Rf2 a5 33. Rgf3 Rh7 34. a3 a4 35. Kf1 c5 36. dxc5 Rc4 37. Rf6 Rxc5 38. Rb6 Rc7 39. Kg2 Rh5 40. Re2 Rg5+ 41. Kh2 Rf5 42. Kg3 Rg5+ 43. Kf2 Rf5+ 44. Kg3 1/2-1/2

[Event "ESP Team Ch"]
[Site "Cala Galdana ESP"]
[Date "1994.??.??"]
[Round "?"]
[White "Romero Holmes, Alfonso"]
[Black "Rogers, Ian"]
[Result "1/2-1/2"]
[WhiteElo "2455"]
[BlackElo "2565"]
[PlyCount "55"]
[EventDate "1994.??.??"]
[Source "www.chesslib.no"]
[SourceDate "2004.05.04"]

1. e4 Nf6 2. Nc3 Nc6 3. Bb5 e5 4. f4 d6 5. Nf3 Bg4 6. fxe5 dxe5 7. Bxc6+ bxc6 8. h3 Bxf3 9. Qxf3 Nd7 10. d3 Bc5 11. Be3 O-O 12. O-O Bxe3+ 13. Qxe3 Qe7 14. Nb1 Qb4 15. b3 Qb6 16. Qf2 Qxf2+ 17. Rxf2 Nc5 18. Nd2 Ne6 19. Nc4 f6 20. Kf1 c5 21. Ke2 Rab8 22. Kd2 Rfd8 23. Kc3 Nd4 24. a3 Nb5+ 25. Kb2 Nd6 26. Kc3 Nb5+ 27. Kb2 Nd6 28. Kc3 1/2-1/2

[Event "5th Montenegro Open"]
[Site "Sozina"]
[Date "2004.02.23"]
[Round "6"]
[White "Markovic, Miroslav"]
[Black "Brenjo, Slavisa"]
[Result "1/2-1/2"]
[WhiteElo "2554"]
[BlackElo "2457"]
[PlyCount "96"]
[EventDate "2004.02.18"]
[Source "Roberto Alvarez"]
[SourceDate "2004.03.01"]

1. e4 d5 2. exd5 Nf6 3. Nc3 Nxd5 4. Bc4 c6 5. Qf3 e6 6. Nge2 Nd7 7. d4 N7f6 8. O-O Be7 9. a3 O-O 10. Bd3 Nxc3 11. bxc3 c5 12. Rd1 Qd5 13. Qg3 c4 14. Nf4 Qc6 15. Be2 Bd6 16. Qh4 Bd7 17. Be3 Qc7 18. Bf3 Rac8 19. a4 b6 20. g3 Bc6 21. d5 Ba8 22. Bg2 e5 23. Nh3 Qd8 24. a5 Bc5 25. Bg5 h6 26. Bxf6 Qxf6 27. Qh5 bxa5 28. Be4 Rfd8 29. g4 g5 30. Kh1 Bb6 31. Rd2 Kg7 32. Ng1 Qf4 33. Re2 Rxd5 34. Qh3 Rd2 35. Bxa8 Rxa8 36. Rxd2 Qxd2 37. Qf3 Rd8 38. Ne2 Qd5 39. Qxd5 Rxd5 40. Ng3 Bxf2 41. Ne4 Bb6 42. Kg2 Rb5 43. Ra4 Rb2 44. Rxc4 Rxc2+ 45. Kg3 Re2 46. Nd6 Re3+ 47. Kg2 Re2+ 48. Kg3 Re3+ 1/2-1/2

[Event "Lvov"]
[Site "Lvov"]
[Date "1995.??.??"]
[Round "3"]
[White "Yandemirov, Valeri"]
[Black "Maksimenko, Andrei"]
[Result "0-1"]
[WhiteElo "2460"]
[BlackElo "2550"]
[PlyCount "100"]
[EventDate "1995.12.??"]
[Source "ChessBase"]

1. e4 d5 2. exd5 Nf6 3. Nc3 Nxd5 4. Bc4 c6 5. d4 Bf5 6. Nf3 e6 7. O-O Be7 8. Qe2 Nd7 9. Ne4 O-O 10. Bb3 h6 11. c4 N5f6 12. Nxf6+ Bxf6 13. Bf4 c5 14. Rad1 cxd4 15. Bd6 d3 16. Qe3 Be7 17. c5 Rc8 18. Nd4 Bxd6 19. Nxf5 Nxc5 20. Nxd6 Qxd6 21. Bc2 Qb6 22. Bxd3 Qxb2 23. Bb1 b6 24. Rd4 Rcd8 25. Rg4 Kh8 26. Rh4 Qf6 27. Rf4 Qe7 28. Rg4 Rd5 29. Qg3 f5 30. Rc4 Rfd8 31. Rcc1 Qf6 32. Qf3 R8d7 33. h3 Rd8 34. Rfe1 Rd2 35. Re3 Qd4 36. Ree1 Qf6 37. Re3 Qd4 38. Ree1 Kg8 39. Bc2 Qd5 40. Qa3 Rd7 41. Bb1 Kh7 42. Qe3 Qd4 43. Qf3 Rd5 44. Rxe6 Nxe6 45. Bxf5+ Rxf5 46. Qxf5+ g6 47. Qf7+ Ng7 48. Rc6 Qa1+ 49. Kh2 Qe5+ 50. g3 Qf5 0-1

[Event "RUS-ch"]
[Site "Elista"]
[Date "1995.??.??"]
[Round "6"]
[White "Yandemirov, Valeri"]
[Black "Smagin, Sergey"]
[Result "1/2-1/2"]
[WhiteElo "2460"]
[BlackElo "2545"]
[PlyCount "82"]
[EventDate "1995.10.??"]
[Source "ChessBase"]

1. e4 d5 2. exd5 Nf6 3. Nc3 Nxd5 4. Bc4 e6 5. Nf3 c5 6. O-O Nb6 7. Bb5+ Bd7 8. Bxd7+ N8xd7 9. d4 Nf6 10. Bg5 cxd4 11. Nxd4 Be7 12. Qd3 h6 13. Bh4 O-O 14. Rad1 Nbd7 15. Bg3 a6 16. Ne4 Qb6 17. Nxf6+ Nxf6 18. Qb3 Bc5 19. Qxb6 Bxb6 20. f3 Rfc8 21. c3 a5 22. Bf2 a4 23. Nc2 Bd8 24. Bd4 Nd5 25. Rfe1 Be7 26. Ne3 Ra5 27. Nxd5 Rxd5 28. Re5 Rxe5 29. Bxe5 a3 30. bxa3 f6 31. Rd7 Bxa3 32. Rc7 Rd8 33. Bd4 e5 34. Be3 Rd1+ 35. Kf2 Rb1 36. c4 f5 37. Ke2 f4 38. Bc5 Rb2+ 39. Kf1 Rb1+ 40. Ke2 Rb2+ 41. Kf1 Rb1+ 1/2-1/2

[Event "Strasbourg"]
[Site "?"]
[Date "1994.??.??"]
[Round "?"]
[White "Fernandes, An"]
[Black "Rogers, I."]
[Result "0-1"]
[WhiteElo "2425"]
[BlackElo "2560"]
[PlyCount "71"]
[EventDate "1994.??.??"]
[Source "ChessBase"]
[SourceDate "1994.06.01"]

1. e4 Nf6 2. Nc3 Nc6 3. d4 d5 4. e5 Nd7 5. Bg5 Nb6 6. f4 h5 7. Be2 Bf5 8. Nf3 Qd7 9. h3 O-O-O 10. O-O Nb4 11. Nh4 Bxc2 12. Qd2 f6 13. a3 Nc6 14. f5 fxg5 15. e6 Qe8 16. Ng6 Bxf5 17. Nxh8 g6 18. Nf7 Bg7 19. Bb5 Bxd4+ 20. Kh1 Bf6 21. Nxd8 Qxd8 22. Bd3 Nd4 23. Ne2 Nb3 24. Qc2 Nxa1 25. Rxa1 Bxe6 26. Bxg6 Qd7 27. Rf1 Nc4 28. b3 Ne3 29. Rxf6 exf6 30. Qc5 Nf5 31. Qxa7 c6 32. Qa8+ Kc7 33. Qf8 Qe7 34. Qxe7+ Nxe7 35. Bxh5 c5 36. Bf3 0-1

[Event "Untergrombach Open"]
[Site "Untergrombach"]
[Date "1995.??.??"]
[Round "?"]
[White "Lau, Ralf"]
[Black "Rausis, Igors"]
[Result "0-1"]
[WhiteElo "2490"]
[BlackElo "2495"]
[PlyCount "28"]
[EventDate "1995.??.??"]
[Source "www.chesslib.no"]
[SourceDate "2004.05.04"]

1. Nc3 d5 2. e4 Nf6 3. exd5 Nxd5 4. Nxd5 Qxd5 5. Nf3 e5 6. d4 Nc6 7. dxe5 Qxd1+ 8. Kxd1 Bg4 9. Be2 O-O-O+ 10. Bd2 Bc5 11. Rf1 Rhe8 12. Bb5 Rxe5 13. Bxc6 bxc6 14. Re1 Rh5 0-1

[Event "Budapest FS04 GM"]
[Site "Budapest"]
[Date "1996.??.??"]
[Round "2"]
[White "Videki, Sandor"]
[Black "Palkovi, Jozsef"]
[Result "0-1"]
[WhiteElo "2460"]
[BlackElo "2480"]
[PlyCount "130"]
[EventDate "1996.04.??"]
[Source "ChessBase"]

1. e4 d5 2. exd5 Nf6 3. Nc3 Nxd5 4. Bc4 Nb6 5. Bb3 Nc6 6. Nf3 g6 7. d3 Bg7 8. Be3 O-O 9. Qd2 Bg4 10. Ng5 Nd4 11. Nce4 Nxb3 12. cxb3 Qd5 13. h3 Bf5 14. Rc1 Rad8 15. Rxc7 h6 16. Nf3 Bxe4 17. dxe4 Qxe4 18. Qc2 Rd3 19. Ke2 Nd5 20. Rd1 Rxe3+ 21. fxe3 Qxe3+ 22. Kf1 Nxc7 23. Qxc7 Bxb2 24. Qxb7 Ba3 25. b4 Qc3 26. Qxe7 Bxb4 27. Qe2 Bc5 28. g4 Rb8 29. Rd2 Bb6 30. Kg2 Rc8 31. Qe7 Qc6 32. Rd7 Qc2+ 33. Rd2 Qa4 34. Re2 Qc6 35. Kg3 Bc7+ 36. Kf2 Bd6 37. Qe4 Qc1 38. Kg2 Qf4 39. Qxf4 Bxf4 40. Kf2 Kg7 41. Kg2 Rc3 42. Kf2 Ra3 43. Kg2 a6 44. Kf2 a5 45. Kg2 g5 46. Kf2 a4 47. Kg2 Rc3 48. Kf2 a3 49. Kg2 Rd3 50. Kf2 Rd1 51. Re1 Rd3 52. Re2 Rc3 53. Kg2 Kg6 54. Kf2 h5 55. Kg2 h4 56. Kf2 Rc1 57. Kg2 Rb1 58. Ne1 Rb2 59. Kf3 Bd2 60. Nd3 f6 61. Re6 Rxa2 62. Ne5+ Kg7 63. Re7+ Kf8 64. Ng6+ Kg8 65. Ra7 Bb4 0-1

[Event "Platonov mem"]
[Site "Kiev"]
[Date "1995.??.??"]
[Round "1"]
[White "Golubev, Mihail"]
[Black "Sergeev, Vladimir"]
[Result "1-0"]
[WhiteElo "2525"]
[BlackElo "2415"]
[PlyCount "35"]
[EventDate "1995.??.??"]
[Source "ChessBase"]

1. e4 Nf6 2. Nc3 Nc6 3. d4 d5 4. e5 Nd7 5. e6 fxe6 6. Nf3 e5 7. Nxd5 exd4 8. Bc4 e6 9. Bg5 Nf6 10. Qe2 Kf7 11. Nf4 Qd6 12. O-O Nd5 13. Rae1 h6 14. Nxd5 hxg5 15. Nxg5+ Kg8 16. g3 b5 17. Qf3 Rh6 18. Nf7 1-0

[Event "Tatran Cup"]
[Site "Stary Smokovec"]
[Date "1990.??.??"]
[Round "10"]
[White "Tibensky, Robert"]
[Black "Smagin, Sergey"]
[Result "1/2-1/2"]
[WhiteElo "2385"]
[BlackElo "2550"]
[PlyCount "105"]
[EventDate "1990.??.??"]
[Source "ChessBase"]

1. e4 d5 2. exd5 Nf6 3. Nc3 Nxd5 4. Bc4 Nb6 5. Bb3 Nc6 6. Nf3 e6 7. O-O Na5 8. d3 Be7 9. Ne4 O-O 10. Bg5 f6 11. Bd2 Nxb3 12. axb3 e5 13. Ng3 c5 14. Nh4 g6 15. Kh1 Nd5 16. Qe2 Rf7 17. Nf3 b6 18. Qe4 Bf8 19. Qh4 Bb7 20. h3 Qc7 21. Ne4 Qc6 22. Qg3 Ne7 23. Nh4 Bg7 24. f4 exf4 25. Qxf4 g5 26. Nxg5 Ng6 27. Qf5 Nxh4 28. Qxh7+ Kf8 29. Ne4 f5 30. Qxh4 fxe4 31. Rxf7+ Kxf7 32. Qh7 Qf6 33. Bc3 Qh6 34. Rf1+ Ke7 35. Qxg7+ Qxg7 36. Bxg7 exd3 37. cxd3 Bxg2+ 38. Kxg2 Rg8 39. Rf4 Rxg7+ 40. Kf2 Ke6 41. h4 Ke5 42. Rf3 Rh7 43. Rh3 Kf5 44. Rh1 Kg4 45. Ke3 Kh5 46. Kd2 Rf7 47. Kc3 Rd7 48. Ra1 Kxh4 49. b4 cxb4+ 50. Kxb4 Kg5 51. Kc4 Kf5 52. Re1 Rc7+ 53. Kb4 1/2-1/2

[Event "FRA Ch"]
[Site "Toulouse FRA"]
[Date "1995.??.??"]
[Round "6"]
[White "Marciano, David"]
[Black "Bricard, Emmanuel"]
[Result "1/2-1/2"]
[WhiteElo "2430"]
[BlackElo "2500"]
[PlyCount "96"]
[EventDate "1995.08.??"]
[Source "www.chesslib.no"]
[SourceDate "2004.05.04"]

1. e4 Nf6 2. Nc3 e6 3. e5 Nd5 4. Nxd5 exd5 5. d4 d6 6. Nf3 dxe5 7. Nxe5 Nd7 8. Bd3 Nxe5 9. dxe5 Be6 10. O-O Qd7 11. f4 g6 12. f5 gxf5 13. Qh5 O-O-O 14. Bxf5 Bg7 15. Bxe6 Qxe6 16. Qxf7 Qb6+ 17. Qf2 Qxf2+ 18. Rxf2 Bxe5 19. c3 d4 20. Bd2 dxc3 21. Bxc3 Bxc3 22. bxc3 Rd3 23. Rc1 Rhd8 24. Kf1 a5 25. Rcc2 b5 26. Ke2 R3d5 27. Rf3 Kb7 28. Re3 Kb6 29. Re4 Rc5 30. Rd2 Rg8 31. Kd3 Rd5+ 32. Rd4 Rdg5 33. g3 R8g6 34. Kc2 Rf5 35. a4 c6 36. Rd7 h5 37. axb5 cxb5 38. R7d5 Rgf6 39. h3 Rxd5 40. Rxd5 Rf2+ 41. Kb1 a4 42. Rxh5 a3 43. Rh8 Rb2+ 44. Kc1 Rg2 45. Kb1 Rxg3 46. Rb8+ Kc5 47. Rc8+ Kd5 48. Ka2 Rxh3 1/2-1/2

[Event "Gelsenkirchen op"]
[Site "Gelsenkirchen"]
[Date "1999.03.28"]
[Round "?"]
[White "Cicak, Slavko"]
[Black "Boidman, Yuri"]
[Result "1-0"]
[WhiteElo "2490"]
[BlackElo "2418"]
[PlyCount "69"]
[EventDate "1999.04.??"]
[Source "www.chesslib.no"]
[SourceDate "2004.05.04"]

1. e4 d5 2. Nc3 Nf6 3. e5 d4 4. exf6 dxc3 5. fxg7 cxd2+ 6. Bxd2 Bxg7 7. Nf3 Bxb2 8. Rb1 Bf6 9. Bc4 Nc6 10. O-O Bg4 11. Rxb7 Nd4 12. Kh1 Qd6 13. c3 Nxf3 14. gxf3 Rd8 15. Be2 Bh3 16. Rg1 Qc5 17. Be3 Rxd1 18. Rxd1 Qd6 19. Bb5+ Kd8 20. Rxd6+ exd6 21. Rxa7 Bxc3 22. Ra8+ Ke7 23. Bg5+ Ke6 24. Rxh8 Bxh8 25. Bd8 c5 26. a4 d5 27. a5 c4 28. Bb6 c3 29. Bd3 Bf5 30. a6 Bxd3 31. a7 c2 32. Be3 Bd4 33. a8=Q Bxe3 34. Qe8+ Kd6 35. Qxe3 1-0

[Event "Petrov mem"]
[Site "St Petersburg"]
[Date "1998.??.??"]
[Round "7"]
[White "Totsky, Leonid"]
[Black "Feoktistov, Alexey A"]
[Result "1-0"]
[WhiteElo "2490"]
[BlackElo "2395"]
[PlyCount "61"]
[EventDate "1998.??.??"]
[Source "www.chesslib.no"]
[SourceDate "2004.05.04"]

1. e4 d5 2. exd5 Nf6 3. Nc3 Nxd5 4. Bc4 Nb6 5. Bb3 c5 6. Qh5 e6 7. d3 Nc6 8. Nf3 Nd4 9. Nxd4 cxd4 10. Ne4 Be7 11. Qg4 Bf6 12. h4 Be5 13. Qh5 Qc7 14. Rh3 Bd7 15. f4 Bf6 16. Nxf6+ gxf6 17. Bd2 Na4 18. Rg3 Qc5 19. Qh6 Qe7 20. Rg7 O-O-O 21. g4 Rdg8 22. O-O-O Nc5 23. Kb1 Nxb3 24. axb3 Qf8 25. Rxg8 Rxg8 26. Qxf6 Rxg4 27. Qxd4 a6 28. h5 Bc6 29. Qe5 Qg7 30. Qd6 Qf6 31. Ba5 1-0

[Event "XI Open"]
[Site "Malaga ESP"]
[Date "2008.02.25"]
[Round "4"]
[White "Pakleza, Z."]
[Black "Ris, R."]
[Result "1/2-1/2"]
[WhiteElo "2492"]
[BlackElo "2386"]
[PlyCount "85"]
[EventDate "2008.02.23"]
[Source "www.chesslib.no"]
[SourceDate "2004.05.04"]

1. d3 Nf6 2. e4 e5 3. f4 d6 4. Nf3 Nc6 5. Be2 Be7 6. O-O O-O 7. c4 Bg4 8. Nc3 a6 9. Kh1 Rb8 10. a4 a5 11. Be3 Nd7 12. Ng1 Bxe2 13. Ngxe2 Nc5 14. Nd5 Nb4 15. Bxc5 dxc5 16. fxe5 c6 17. Nxb4 axb4 18. d4 cxd4 19. Nxd4 Re8 20. Nf3 Qxd1 21. Rfxd1 Red8 22. Kg1 Bc5+ 23. Kf1 Kf8 24. Ke2 Ke7 25. a5 Rxd1 26. Kxd1 Ra8 27. Kc2 Ra6 28. Kb3 b6 29. Ne1 Rxa5 30. Rd1 Ra8 31. Nc2 Ra5 32. h3 h5 33. Rf1 b5 34. Rf5 bxc4+ 35. Kxc4 Ke6 36. Rxh5 Rb5 37. b3 Ra5 38. Nxb4 Bxb4 39. Kxb4 Ra2 40. Rg5 g6 41. h4 Re2 42. Kc5 Re3 43. h5 1/2-1/2

[Event "Alushta 100"]
[Site "Alushta"]
[Date "2002.04.19"]
[Round "?"]
[White "Zavgorodniy, Sergiy"]
[Black "Zubov, Alexander"]
[Result "1/2-1/2"]
[WhiteElo "2389"]
[BlackElo "2478"]
[PlyCount "55"]
[EventDate "2002.04.19"]
[Source "ChessBase"]
[SourceDate "2002.07.08"]

1. e4 d5 2. exd5 Nf6 3. Nc3 Nxd5 4. Bc4 e6 5. Nf3 Nb6 6. Bb3 c5 7. d3 Be7 8. O-O Nc6 9. Re1 O-O 10. Ne4 Qc7 11. Be3 Na5 12. Qd2 Nxb3 13. axb3 Nd5 14. Nc3 Nxe3 15. Qxe3 Rd8 16. Ne5 a6 17. f4 Rb8 18. Ne4 f6 19. Nf3 b5 20. Nfd2 e5 21. fxe5 Qxe5 22. Nf3 Qc7 23. Neg5 Bf8 24. Ne6 Bxe6 25. Qxe6+ Qf7 26. Qxf7+ Kxf7 27. Rxa6 c4 28. d4 1/2-1/2

[Event "Lisbon"]
[Site "Lisbon"]
[Date "1995.??.??"]
[Round "3"]
[White "Galego, Luis"]
[Black "Damaso, Rui"]
[Result "1/2-1/2"]
[WhiteElo "2435"]
[BlackElo "2415"]
[PlyCount "21"]
[EventDate "1995.??.??"]
[Source "ChessBase"]

1. e4 d5 2. exd5 Nf6 3. Nc3 Nxd5 4. Bc4 e6 5. Qf3 Nb4 6. Bb3 N8c6 7. Nge2 Na5 8. Ba4+ Bd7 9. a3 Nd5 10. Bxd7+ Qxd7 11. O-O 1/2-1/2

[Event "Moscow ol (Men)"]
[Site "Moscow"]
[Date "1994.??.??"]
[Round "6"]
[White "Rodriguez, Andres"]
[Black "Tu Hoang Thong"]
[Result "1-0"]
[WhiteElo "2430"]
[BlackElo "2420"]
[PlyCount "135"]
[EventDate "1994.11.??"]
[Source "ChessBase"]

1. e4 Nf6 2. Nc3 Nc6 3. g3 e6 4. Qe2 Nd4 5. Qd3 c5 6. Nf3 Nc6 7. Qe2 Be7 8. Bg2 d5 9. d3 dxe4 10. Nxe4 Nd5 11. O-O O-O 12. c3 b6 13. Ned2 Bb7 14. a4 Qc7 15. Nc4 Rfe8 16. a5 Rab8 17. a6 Ba8 18. Na3 Bf8 19. Re1 Rbd8 20. h4 h6 21. Nc4 e5 22. h5 b5 23. Ne3 Nf6 24. Nh4 Qd7 25. Rd1 Nd4 26. cxd4 exd4 27. Bxa8 Rxa8 28. Qf3 dxe3 29. Bxe3 Rad8 30. Bxh6 Re5 31. Bd2 Nxh5 32. Ba5 Rde8 33. Bc3 Rd5 34. Re1 Rxe1+ 35. Rxe1 b4 36. Be5 g6 37. Re3 Bg7 38. Bxg7 Nxg7 39. Re7 Qxe7 40. Qxd5 Ne6 41. Qb7 Kf8 42. Nf3 Nd8 43. Qb8 f6 44. Nd2 Qd7 45. Nf1 Ke7 46. Ne3 Ke6 47. Qa8 f5 48. Ng2 g5 49. Ne3 Ke5 50. Nc4+ Kd4 51. Qf3 Qe6 52. Ne3 Ke5 53. Qa8 Qd7 54. Nc4+ Kd4 55. Qf3 Qe6 56. Ne3 Ke5 57. Qh1 Nf7 58. Qb7 Kd4 59. Qxa7 f4 60. Nc2+ Kxd3 61. Qxc5 Ne5 62. Nxb4+ Ke4 63. Qc2+ Kd4 64. Qc3+ Ke4 65. a7 Qg8 66. Qc2+ Kd4 67. Qd2+ Kc4 68. Qd5+ 1-0

[Event "Ceske Budejovice op"]
[Site "Ceske Budejovice"]
[Date "1997.??.??"]
[Round "8"]
[White "Zolnierowicz, Krzysztof"]
[Black "Sergeev, Vladimir"]
[Result "0-1"]
[WhiteElo "2385"]
[BlackElo "2455"]
[PlyCount "60"]
[EventDate "1997.??.??"]
[Source "www.chesslib.no"]
[SourceDate "2004.05.04"]

1. e4 Nf6 2. Nc3 Nc6 3. d4 d5 4. e5 Nd7 5. Nxd5 Ndb8 6. Ne3 Qxd4 7. Qxd4 Nxd4 8. c3 Ne6 9. g3 Bd7 10. Bg2 Nc6 11. f4 Nc5 12. Nf3 f6 13. Ke2 fxe5 14. Nxe5 Nxe5 15. fxe5 O-O-O 16. b3 Bb5+ 17. c4 Be8 18. Ba3 e6 19. Rad1 Rxd1 20. Rxd1 Na4 21. bxa4 Bxa3 22. Rb1 c6 23. Bh3 Bh5+ 24. Kd2 Rd8+ 25. Kc3 Bc5 26. Bxe6+ Kc7 27. Re1 Bg6 28. Nf1 Rd3+ 29. Kb2 Ba3+ 30. Ka1 Bb4 0-1

[Event "Capablanca mem-B"]
[Site "Cienfuegos"]
[Date "1996.??.??"]
[Round "6"]
[White "Galego, Luis"]
[Black "Sariego, Wilfredo"]
[Result "0-1"]
[WhiteElo "2445"]
[BlackElo "2395"]
[PlyCount "116"]
[EventDate "1996.05.??"]
[Source "ChessBase"]

1. e4 d5 2. exd5 Nf6 3. Nc3 Nxd5 4. Bc4 e6 5. Qf3 Nb6 6. Bb3 c5 7. d3 Nc6 8. Nge2 Be7 9. Qg3 O-O 10. Ne4 Kh8 11. Bg5 Nd5 12. Bxe7 Qxe7 13. Qd6 Qxd6 14. Nxd6 Nde7 15. O-O-O b6 16. Nxc8 Raxc8 17. d4 cxd4 18. Nxd4 Nxd4 19. Rxd4 Rc7 20. Rhd1 g6 21. c3 Rfc8 22. g4 Kg7 23. f4 Ng8 24. Bc2 Nf6 25. g5 Nd5 26. Bb3 Ne7 27. Rd7 h5 28. R1d4 Kf8 29. Rxc7 Rxc7 30. Rd8+ Kg7 31. Kd2 Nc6 32. Re8 Na5 33. Ke3 Nxb3 34. axb3 Rc5 35. b4 Rb5 36. h4 a5 37. b3 axb4 38. c4 Ra5 39. Rb8 Ra3 40. Rxb6 Rxb3+ 41. Kd4 Rb1 42. Kc5 Rf1 43. Kd6 Rxf4 44. c5 Rd4+ 45. Ke7 Rxh4 46. c6 Rc4 47. Kd7 f6 48. c7 Rxc7+ 49. Kxc7 fxg5 50. Rxe6 g4 51. Re3 Kf6 52. Kd6 h4 53. Kd5 Kf5 54. Re5+ Kf4 55. Re4+ Kf3 56. Rxb4 g3 57. Rb3+ Kf4 58. Rb4+ Kf5 0-1

[Event "Naestved Open"]
[Site "Naestved DEN"]
[Date "1988.??.??"]
[Round "?"]
[White "Larsson, Anders"]
[Black "Smagin, Sergey B"]
[Result "1/2-1/2"]
[WhiteElo "2295"]
[BlackElo "2540"]
[PlyCount "147"]
[EventDate "1988.07.??"]
[Source "www.chesslib.no"]
[SourceDate "2004.05.04"]

1. e4 d5 2. exd5 Nf6 3. Nc3 Nxd5 4. Bc4 Nb6 5. Bb3 Nc6 6. Nf3 Na5 7. d4 Nxb3 8. axb3 Bg4 9. h3 Bf5 10. Qe2 c6 11. Bg5 h6 12. Bh4 Nd5 13. O-O Nf6 14. Rfd1 g5 15. Bg3 Bg7 16. d5 Nxd5 17. Nxd5 cxd5 18. c4 O-O 19. Rxd5 Qc8 20. Qxe7 Re8 21. Qc5 Qxc5 22. Rxc5 Be4 23. Rca5 a6 24. Be5 b6 25. Bxg7 bxa5 26. Bc3 Bxf3 27. gxf3 Re6 28. Rxa5 Rc8 29. Kg2 Kh7 30. f4 gxf4 31. Kf3 Rb6 32. Ra3 Kg6 33. Kxf4 Rc5 34. Bd4 Rf5+ 35. Kg3 Rc6 36. Be3 Kh5 37. Ra4 Rg6+ 38. Kh2 Re5 39. b4 f5 40. b3 Rge6 41. Kg2 Kg6 42. Kf3 Kf7 43. Ra1 Rd6 44. c5 Rde6 45. Ra5 f4 46. Bxf4 Rf5 47. Kg4 Rff6 48. Kg3 Re4 49. Bd6 Rxb4 50. Rxa6 Rxb3+ 51. Kg2 Rg6+ 52. Kh2 Rb2 53. Ra7+ Ke6 54. Re7+ Kf6 55. Be5+ Kxe7 56. Bxb2 Ke6 57. Bd4 Kd5 58. Be3 Ke4 59. Kh1 Kf3 60. Kh2 h5 61. Kh1 Ra6 62. Kh2 Ra1 63. Bd4 Rc1 64. Be3 Rd1 65. c6 Rd6 66. c7 Rc6 67. Bd4 Rxc7 68. Bb6 Rc6 69. Ba7 Kf4 70. Be3+ Kf5 71. Ba7 Kg5 72. Kg2 Rg6 73. Be3+ Kf5+ 74. Kh2 1/2-1/2

[Event "CZE Ch"]
[Site "Czech Republic"]
[Date "1994.??.??"]
[Round "7"]
[White "Ramik, Zdenek"]
[Black "Mokry, Karel"]
[Result "1/2-1/2"]
[WhiteElo "2315"]
[BlackElo "2520"]
[PlyCount "70"]
[EventDate "1994.05.??"]
[Source "www.chesslib.no"]
[SourceDate "2004.05.04"]

1. e4 Nf6 2. Nc3 d6 3. f4 c5 4. Nf3 Nc6 5. Bb5 e6 6. O-O Qc7 7. e5 Nd7 8. d3 a6 9. Bxc6 Qxc6 10. Qe2 d5 11. a4 b6 12. Bd2 Bb7 13. f5 h6 14. fxe6 Qxe6 15. Rae1 Be7 16. d4 cxd4 17. Nxd4 Bc5 18. Qf2 Bxd4 19. Qxd4 O-O 20. Ne2 Qxe5 21. Bc3 Qxd4+ 22. Nxd4 Nc5 23. Re7 Bc8 24. a5 bxa5 25. Bxa5 Rb8 26. b3 Rb7 27. Rfe1 Be6 28. Rxb7 Nxb7 29. Bb4 Re8 30. Ra1 Ra8 31. Kf2 Bd7 32. Re1 Re8 33. Ra1 Ra8 34. Re1 Re8 35. Ra1 Ra8 1/2-1/2

[Event "Tarrassa"]
[Site "Tarrassa"]
[Date "1989.??.??"]
[Round "?"]
[White "Gil Gonzalez, Jose M"]
[Black "Bellon Lopez, Juan Manuel"]
[Result "1/2-1/2"]
[WhiteElo "2360"]
[BlackElo "2470"]
[PlyCount "105"]
[EventDate "1989.03.??"]
[Source "www.chesslib.no"]
[SourceDate "2004.05.04"]

1. e4 d5 2. exd5 Nf6 3. Nc3 Nxd5 4. Bc4 Nb6 5. Bb3 Nc6 6. Qf3 e6 7. Nge2 Qf6 8. Qxf6 gxf6 9. Nb5 Kd8 10. d4 a6 11. Nbc3 Na5 12. Bf4 Bd7 13. O-O-O Bb5 14. Rhe1 Bb4 15. d5 e5 16. Bg3 Rg8 17. f4 Nbc4 18. a3 Be7 19. Nxb5 axb5 20. Rd3 b4 21. a4 b5 22. Kb1 e4 23. Rdd1 Ne3 24. Rd4 f5 25. d6 cxd6 26. Rxb4 Nxg2 27. Rg1 Nxb3 28. cxb3 Ne3 29. Rxb5 Bf6 30. Bf2 Rxg1+ 31. Bxg1 Nf1 32. Rxf5 Ke7 33. Bb6 Nxh2 34. a5 Nf3 35. b4 Nd2+ 36. Kc2 Nc4 37. Kb3 Nxb6 38. axb6 Rb8 39. Rb5 Kd7 40. Kc4 Bxb2 41. Kd5 e3 42. Ke4 Re8+ 43. Kd3 Kc6 44. Rh5 Kxb6 45. Rxh7 Re7 46. Rh6 Kc6 47. Rh3 Kb5 48. Rh6 d5 49. Rd6 d4 50. Rd8 Kxb4 51. Nxd4 Bxd4 52. Rxd4+ Kc5 53. Rc4+ 1/2-1/2

[Event "EU-chJM U14"]
[Site "Murek"]
[Date "1998.??.??"]
[Round "8"]
[White "Stalder, Daniel"]
[Black "Kuzneczova, Olga"]
[Result "1-0"]
[WhiteElo "2380"]
[BlackElo "2450"]
[PlyCount "77"]
[EventDate "1998.07.08"]
[Source "www.chesslib.no"]
[SourceDate "2004.05.04"]

1. e4 d5 2. exd5 Nf6 3. Nc3 Nxd5 4. Bc4 c6 5. Qf3 e6 6. Nge2 Nd7 7. d4 N7f6 8. Bb3 h6 9. Bd2 Nxc3 10. Bxc3 Bd6 11. O-O-O Bd7 12. Nf4 a5 13. a3 b5 14. Bd2 Qb6 15. Rhe1 Qc7 16. Nh5 Nxh5 17. Qxh5 g6 18. Qf3 Be7 19. Kb1 Qd8 20. Bf4 a4 21. Ba2 b4 22. axb4 Bxb4 23. d5 cxd5 24. Bxd5 Rc8 25. c3 Be7 26. Bb7 Rc5 27. Be3 Rf5 28. Qe4 Qc7 29. Rxd7 Kxd7 30. Qxa4+ Kd8 31. Qd4+ Bd6 32. Qxh8+ Ke7 33. Qc8 Qa5 34. Bc6 Rh5 35. Qd7+ Kf6 36. Bd4+ Be5 37. Bxe5+ Rxe5 38. Qd4 Qc5 39. Qxe5+ 1-0

[Event "CZE-chT 9798"]
[Site "CZE"]
[Date "1998.01.17"]
[Round "5"]
[White "Sluka, Radek"]
[Black "Zurek, Milan"]
[Result "0-1"]
[WhiteElo "2380"]
[BlackElo "2450"]
[PlyCount "74"]
[EventDate "1997.??.??"]
[Source "www.chesslib.no"]
[SourceDate "2004.05.04"]

1. e4 d5 2. exd5 Nf6 3. Nc3 Nxd5 4. Bc4 Nxc3 5. Qf3 e6 6. Qxc3 Qg5 7. Nf3 Qxg2 8. Rg1 Qh3 9. Rg3 Qf5 10. d4 Nc6 11. a3 h6 12. Bd3 Qd5 13. Bf4 Bd7 14. O-O-O O-O-O 15. Qe1 Bd6 16. Bxd6 Qxd6 17. Rxg7 Be8 18. Be4 f6 19. Qe3 Bh5 20. d5 f5 21. Rd2 Bxf3 22. Bxf3 exd5 23. Rxd5 Qxh2 24. Rxd8+ Rxd8 25. Bxc6 bxc6 26. Qe6+ Kb7 27. Qb3+ Ka8 28. Qf3 Qd6 29. Rf7 Qe6 30. Re7 Qxe7 31. Qxc6+ Kb8 32. Qb5+ Kc8 33. Qa6+ Kd7 34. Qb5+ Ke6 35. Qc4+ Kf6 36. Qh4+ Kf7 37. Qh5+ Kg7 0-1

[Event "Moscow IM3"]
[Site "Moscow"]
[Date "1996.??.??"]
[Round "?"]
[White "Bayev, Alexander"]
[Black "Maljutin, Evgeni"]
[Result "0-1"]
[WhiteElo "2335"]
[BlackElo "2495"]
[PlyCount "78"]
[EventDate "1996.??.??"]
[Source "www.chesslib.no"]
[SourceDate "2004.05.04"]

1. e4 d5 2. exd5 Nf6 3. Nc3 Nxd5 4. Bc4 Nxc3 5. Qf3 e6 6. Qxc3 Nc6 7. Nf3 Qf6 8. Qxf6 gxf6 9. d4 Bd7 10. Bf4 Nb4 11. O-O-O O-O-O 12. a3 Nd5 13. Bxd5 exd5 14. Ne1 Be6 15. Nd3 b6 16. b4 Kd7 17. Kb2 Ra8 18. f3 a5 19. g4 Be7 20. h4 Ra7 21. c3 Rha8 22. Ra1 Kc6 23. h5 Kb5 24. Kb3 axb4 25. cxb4 c5 26. bxc5 bxc5 27. dxc5 d4+ 28. Kb2 Bc4 29. Rhd1 Rb7 30. Kc2 Kc6 31. Nb4+ Kxc5 32. Bc1 Be2 33. Re1 Bxf3 34. Kd3 Bxg4 35. Bb2 Bf5+ 36. Kd2 Rd7 37. Rec1+ Kb5 38. Nc6 Bc5 39. a4+ Kxc6 0-1